|
|
|
|
| LEADER |
00000cam a22000004a 4500 |
| 001 |
musev2_40286 |
| 003 |
MdBmJHUP |
| 005 |
20230905044227.0 |
| 006 |
m o d |
| 007 |
cr||||||||nn|n |
| 008 |
161216s2006 xx o 00 0 eng d |
| 020 |
|
|
|a 9780889208087
|
| 020 |
|
|
|z 9780889209848
|
| 020 |
|
|
|z 0889208085
|
| 035 |
|
|
|a (OCoLC)243565349
|
| 040 |
|
|
|a MdBmJHUP
|c MdBmJHUP
|
| 100 |
1 |
|
|a J. Winfield Fretz.
|
| 245 |
1 |
4 |
|a The Waterloo Mennonites :
|b A Community in Paradox
|
| 264 |
|
1 |
|a Waterloo, CANADA :
|b Wilfrid Laurier University Press,
|c 2006.
|
| 264 |
|
3 |
|a Baltimore, Md. :
|b Project MUSE,
|c 2016
|
| 264 |
|
4 |
|c ©2006.
|
| 300 |
|
|
|a 1 online resource (416 pages).
|
| 336 |
|
|
|a text
|b txt
|2 rdacontent
|
| 337 |
|
|
|a computer
|b c
|2 rdamedia
|
| 338 |
|
|
|a online resource
|b cr
|2 rdacarrier
|
| 588 |
|
|
|a Description based on print version record.
|
| 650 |
|
7 |
|a Mennonites
|x Social conditions.
|2 fast
|0 (OCoLC)fst01016223
|
| 650 |
|
7 |
|a RELIGION
|x Christianity
|x Denominations.
|2 bisacsh
|
| 650 |
|
6 |
|a Mennonites
|z Ontario
|z Waterloo (Municipalite regionale)
|x Conditions sociales.
|
| 650 |
|
0 |
|a Mennonites
|z Ontario
|z Waterloo (Regional municipality)
|x Social conditions.
|
| 651 |
|
7 |
|a Ontario
|z Waterloo (Regional municipality)
|2 fast
|0 (OCoLC)fst01331704
|
| 651 |
|
0 |
|a Waterloo (Ont. : Regional municipality)
|x Church history.
|
| 655 |
|
7 |
|a Church history.
|2 fast
|0 (OCoLC)fst01411629
|
| 655 |
|
7 |
|a Electronic books.
|2 local
|
| 710 |
2 |
|
|a Project Muse.
|e distributor
|
| 830 |
|
0 |
|a Book collections on Project MUSE.
|
| 856 |
4 |
0 |
|z Texto completo
|u https://projectmuse.uam.elogim.com/book/40286/
|
| 945 |
|
|
|a Project MUSE - Custom Collection
|
| 945 |
|
|
|a Project MUSE - Archive Complete Supplement IV
|
| 945 |
|
|
|a Project MUSE - Archive Global Cultural Studies Supplement IV
|